Deti - budúcnosť národa
Pamätné medzinárodné dni detí: 1. jún - Medzinárodný deň detí, 4. jún - Medzinárodný deň nevinných detských obetí agresie, 16. jún - Medzinárodný deň afrického dieťaťa, 23. jún - Medzinárodný deň detských dediniek SOS. Dohovor o právach dieťaťa prijatý 20.11.1989 Valným zhromaždením OSN.
Na minha lista:
| Autor principal: | |
|---|---|
| Formato: | Capítulo de Livro |
| Idioma: | eslovaco |
| Assuntos: | |
| Tags: |
Sem tags, seja o primeiro a adicionar uma tag!
|
MARC
| LEADER | 00000naa a2200000 4500 | ||
|---|---|---|---|
| 001 | 0160593 | ||
| 005 | 20240502072802.9 | ||
| 041 | 0 | |a slo | |
| 044 | |a SK | ||
| 245 | 1 | 0 | |a Deti - budúcnosť národa |c Ladislav Lysák |
| 520 | |a Pamätné medzinárodné dni detí: 1. jún - Medzinárodný deň detí, 4. jún - Medzinárodný deň nevinných detských obetí agresie, 16. jún - Medzinárodný deň afrického dieťaťa, 23. jún - Medzinárodný deň detských dediniek SOS. Dohovor o právach dieťaťa prijatý 20.11.1989 Valným zhromaždením OSN. | ||
| 610 | 2 | 0 | |a deti |
| 610 | 2 | 0 | |a práva ľudské |
| 610 | 2 | 0 | |a podmienky životné |
| 610 | 2 | 0 | |a organizácie medzinárodné |
| 100 | 1 | |a Lysák, Ladislav | |